000 00511pab a2200157 454500
008 180718b1997 xxu||||| |||| 00| 0 eng d
100 _aCatron, Bayard L.
245 _aA response to Kathryn G. Denhardt: the dichotomy is alive and well: responsibility, ethics, and professionalism in the bureaucracy
260 _c1997
300 _ap.1117-118
362 _aApr-May
650 _aPublic administration
650 _aBureaucracy
773 _aInternational Journal of Public Administration
909 _a34157
999 _c34157
_d34157